|
|
|
|
| LEADER |
00000nam0a2200000 4500 |
| 001 |
92023 |
| 005 |
20231101213815.0 |
| 035 |
|
|
|a (RuTPU)RU\TPU\book\98616
|
| 090 |
|
|
|a 92023
|
| 100 |
|
|
|a 20060306d1973 m y0rusy50 ca
|
| 101 |
0 |
|
|a rus
|
| 102 |
|
|
|a RU
|
| 105 |
|
|
|a a z 001zy
|
| 200 |
1 |
|
|a АСУ : проблемы, модели, методы
|f Всесоюзный научно-исследовательский и проектно-конструкторский институт комплексной автоматизации нефтяной и газовой промышленности; под ред. А. В. Валиханова; под ред. В. И. Грайфера, О. П. Шишкина, А. И. Кербалиева
|
| 210 |
|
|
|a Казань
|c Татарское кн. изд-во
|d 1973
|
| 215 |
|
|
|a 212 с.
|c ил.
|
| 300 |
|
|
|a Из опыта создания АСУ в Объединении "Татнефть"
|
| 320 |
|
|
|a Библиогр.: с. 208-210
|
| 610 |
1 |
|
|a АСУ
|
| 610 |
1 |
|
|a проблемы
|
| 610 |
1 |
|
|a модели
|
| 610 |
1 |
|
|a методы
|
| 610 |
1 |
|
|a нефтедобывающие предприятия
|
| 610 |
1 |
|
|a нормативное обеспечение
|
| 610 |
1 |
|
|a планирование
|
| 675 |
|
|
|a 622.323:658.5
|v 3
|
| 702 |
|
1 |
|a Валиханова
|b А. В.
|4 340
|
| 702 |
|
1 |
|a Грайфера
|b В. И.
|4 340
|
| 702 |
|
1 |
|a Шишкина
|b О. П.
|4 340
|
| 702 |
|
1 |
|a Кербалиева
|b А. И.
|4 340
|
| 712 |
0 |
2 |
|a Всесоюзный научно-исследовательский и проектно-конструкторский институт комплексной автоматизации нефтяной и газовой промышленности
|2 stltpush
|3 (RuTPU)RU\TPU\col\8423
|9 24517
|
| 801 |
|
1 |
|a RU
|b 63413507
|c 20060306
|g PSBO
|
| 801 |
|
2 |
|a RU
|b 63413507
|c 20060313
|g PSBO
|
| 942 |
|
|
|c BK
|